[Event "XLI Barbera del Valles Open 2018"]
[Site "Barbera del Valles"]
[Date "2018.07.04"]
[Round "1"]
[White "Porta Tovar, Guillem"]
[Black "Stella, Andrea"]
[Result "1/2-1/2"]
[WhiteElo "2160"]
[BlackElo "2504"]
[Annotator "ChessBase"]
[PlyCount "90"]
[EventDate "2018.07.04"]
[EventType "swiss"]
[EventCountry "ESP"]
[SourceTitle "playchess.com"]
[Source "ChessBase"]
[SourceQuality "1"]
[TimeControl "5400+30"]

1. f4 {[%emt 0:00:00]} e5 {[%emt 0:00:27]} 2. fxe5 {[%emt 0:01:18]} d6 3. g3 {[%emt 0:14:46]} dxe5 {[%emt 0:04:17]} 4. Bg2 {[%emt 0:06:58]} h5 {[%emt 0:01:20]} 5. Nc3 {[%emt 0:00:04]} h4 6. e3 hxg3 {[%emt 0:14:16]} 7. hxg3 {[%emt 0:04:56]} Rxh1 {[%emt 0:00:06]} 8. Bxh1 {[%emt 0:00:04]} Qg5 {[%emt 0:05:19]} 9. Qf3 Nc6 10. Qf2 {[%emt 0:06:14]} Nf6 11. Bxc6+ bxc6 12. Qg2 {[%emt 0:29:29]} Nd5 {[%emt 0:16:12]} 13. e4 {[%emt 0:01:44]} Nxc3 {[%emt 0:06:46]} 14. bxc3 {[%emt 0:00:55]} Rb8 {[%emt 0:01:30]} 15. Qf2 {[%emt 0:02:35]} c5 {[%emt 0:16:52]} 16. d3 {[%emt 0:03:07]} Qh5 {[%emt 0:05:53]} 17. Ba3 Rb6 18. Bxc5 {[%emt 0:09:33]} Rf6 {[%emt 0:03:22]} 19. Qe3 Bxc5 {[%emt 0:09:48]} 20. Qxc5 {[%emt 0:00:04]} Qg5 {[%emt 0:03:15]} 21. Ne2 {[%emt 0:02:45]} Rh6 22. Qf2 {[%emt 0:04:19]} Rh1+ {[%emt 0:05:28]} 23. Ng1 {[%emt 0:00:01]} Qh6 {[%emt 0:01:03]} 24. Qxa7 {[%emt 0:04:25]} Rh2 {[%emt 0:03:39]} 25. Ne2 {[%emt 0:01:17]} Rh1+ {[%emt 0:00:08]} 26. Ng1 {[%emt 0:00:01]} Rh2 {[%emt 0:00:03]} 27. Ne2 {[%emt 0:00:04]} Rxe2+ {[%emt 0:02:29]} 28. Kxe2 {[%emt 0:00:02]} Bg4+ {[%emt 0:00:09]} 29. Kf1 {[%emt 0:02:52]} Qh3+ 30. Kf2 {[%emt 0:01:00]} Qh2+ {[%emt 0:00:35]} 31. Kf1 {[%emt 0:00:41]} Qh3+ {[%emt 0:01:10]} 32. Kf2 {[%emt 0:00:06]} Qh2+ {[%emt 0:00:08]} 33. Kf1 {[%emt 0:00:01]} Bh3+ {[%emt 0:01:04]} 34. Ke1 {[%emt 0:00:04]} Qh1+ {[%emt 0:00:05]} 35. Kd2 {[%emt 0:00:01]} Qxa1 {[%emt 0:00:04]} 36. Qb8+ {[%emt 0:00:03]} Kd7 {[%emt 0:01:21]} 37. Qb5+ {[%emt 0:00:02]} Kd8 {[%emt 0:01:05]} 38. Qd5+ {[%emt 0:00:13]} Bd7 {[%emt 0:00:24]} 39. Qxf7 {[%emt 0:00:03]} Qg1 {[%emt 0:00:17]} 40. Qg8+ {[%emt 0:00:12]} Be8 {[%emt 0:00:06]} 41. Qd5+ {[%emt 0:00:07]} Bd7 42. Qg8+ {[%emt 0:02:14]} Be8 {[%emt 0:01:36]} 43. Qd5+ {[%emt 0:00:09]} Bd7 {[%emt 0:00:14]} 44. Qg8+ {[%emt 0:00:57]} Be8 {[%emt 0:00:17]} 45. Qd5+ {[%emt 0:00:05]} Bd7 {[%emt 0:00:24]} 1/2-1/2

[Event "XLI Barbera del Valles Open 2018"]
[Site "Barbera del Valles"]
[Date "2018.07.04"]
[Round "1"]
[White "Deshpande, Aniruddha"]
[Black "Vasquez Schroeder, Rodrigo"]
[Result "0-1"]
[WhiteElo "2132"]
[BlackElo "2494"]
[Annotator "ChessBase"]
[PlyCount "112"]
[EventDate "2018.07.04"]
[EventType "swiss"]
[EventCountry "ESP"]
[SourceTitle "playchess.com"]
[Source "ChessBase"]
[SourceQuality "1"]
[TimeControl "5400+30"]

1. d4 {[%emt 0:00:57]} Nf6 {[%emt 0:00:00]} 2. c4 {[%emt 0:00:05]} e6 {[%emt 0:00:00]} 3. g3 {[%emt 0:00:10]} c5 {[%emt 0:00:18]} 4. d5 {[%emt 0:00:09]} exd5 {[%emt 0:00:07]} 5. cxd5 {[%emt 0:00:04]} d6 {[%emt 0:00:06]} 6. Nc3 {[%emt 0:00:35]} g6 {[%emt 0:00:12]} 7. Bg2 {[%emt 0:00:12]} Bg7 {[%emt 0:00:03]} 8. Nf3 {[%emt 0:00:32]} O-O {[%emt 0:00:07]} 9. O-O {[%emt 0:00:03]} Bf5 10. Nd2 {[%emt 0:12:30]} Qd7 {[%emt 0:08:05]} 11. a4 {[%emt 0:10:00]} Bh3 {[%emt 0:02:27]} 12. Nc4 {[%emt 0:00:59]} Bxg2 {[%emt 0:02:34]} 13. Kxg2 {[%emt 0:00:07]} Qe7 {[%emt 0:01:49]} 14. f3 {[%emt 0:13:07]} Na6 {[%emt 0:05:00]} 15. Bf4 {[%emt 0:01:30]} Rfd8 {[%emt 0:00:22]} 16. Nb5 {[%emt 0:03:34]} Ne8 {[%emt 0:00:59]} 17. Ra3 {[%emt 0:01:49]} Bf8 {[%emt 0:51:54]} 18. Re3 {[%emt 0:13:31]} Qd7 {[%emt 0:00:24]} 19. Rxe8 {[%emt 0:05:00]} Rxe8 {[%emt 0:01:03]} 20. Nbxd6 {[%emt 0:05:07]} Red8 {[%emt 0:00:37]} 21. h4 Nb4 {[%emt 0:01:22]} 22. e4 {[%emt 0:14:43]} f6 {[%emt 0:00:48]} 23. g4 {[%emt 0:03:02]} Qc7 {[%emt 0:02:07]} 24. e5 {[%emt 0:06:37]} fxe5 {[%emt 0:00:10]} 25. Nb5 {[%emt 0:00:38]} Qf7 {[%emt 0:00:27]} 26. Bxe5 {[%emt 0:02:02]} Rxd5 {[%emt 0:01:13]} 27. Qe1 {[%emt 0:03:39]} Re8 {[%emt 0:01:49]} 28. Qg3 {[%emt 0:01:12]} Qd7 {[%emt 0:02:06]} 29. Nc3 {[%emt 0:00:39]} Nc6 {[%emt 0:03:27]} 30. Ne4 {[%emt 0:00:52]} Be7 {[%emt 0:00:45]} 31. Bc3 {[%emt 0:00:39]} Rf8 {[%emt 0:00:50]} 32. h5 {[%emt 0:00:18]} g5 {[%emt 0:05:29]} 33. Ne3 {[%emt 0:00:25]} Rd3 {[%emt 0:00:17]} 34. Nf5 {[%emt 0:00:48]} Rxf5 {[%emt 0:00:10]} 35. gxf5 {[%emt 0:00:02]} Qxf5 {[%emt 0:00:18]} 36. Qg4 {[%emt 0:00:30]} Nd4 {[%emt 0:02:32]} 37. Ng3 {[%emt 0:00:17]} Qxg4 {[%emt 0:01:20]} 38. fxg4 {[%emt 0:00:05]} Bd6 {[%emt 0:01:24]} 39. Ne4 {[%emt 0:00:40]} Be7 {[%emt 0:01:10]} 40. Ng3 {[%emt 0:00:03]} Ne6 {[%emt 0:00:11]} 41. Nf5 {[%emt 0:01:15]} Bf8 {[%emt 0:00:07]} 42. Be5 {[%emt 0:00:45]} Rd5 {[%emt 0:00:22]} 43. Re1 {[%emt 0:00:37]} Kf7 {[%emt 0:00:06]} 44. Kf3 {[%emt 0:00:21]} c4 {[%emt 0:01:47]} 45. Ke4 {[%emt 0:00:22]} Rd3 {[%emt 0:00:15]} 46. Bd4 {[%emt 0:00:45]} Nxd4 {[%emt 0:01:47]} 47. Nxd4 {[%emt 0:00:04]} Bg7 {[%emt 0:00:37]} 48. Nf3 Bxb2 {[%emt 0:01:56]} 49. Rb1 {[%emt 0:01:57]} Rxf3 {[%emt 0:00:36]} 50. Rxb2 {[%emt 0:00:22]} Rf4+ {[%emt 0:00:19]} 51. Ke5 {[%emt 0:00:06]} b6 {[%emt 0:00:06]} 52. a5 {[%emt 0:01:36]} c3 {[%emt 0:00:19]} 53. Rb3 {[%emt 0:00:09]} Rc4 {[%emt 0:00:41]} 54. axb6 {[%emt 0:00:12]} axb6 {[%emt 0:00:05]} 55. Rxb6 {[%emt 0:00:31]} c2 {[%emt 0:00:19]} 56. Rb7+ {[%emt 0:00:12]} Ke8 {[%emt 0:00:05] Kd4} 0-1

[Event "XLI Barbera del Valles Open 2018"]
[Site "Barbera del Valles"]
[Date "2018.07.05"]
[Round "2"]
[White "Guseinov, Gadir"]
[Black "Martinez Fernandez, Adrian"]
[Result "1-0"]
[WhiteElo "2654"]
[BlackElo "2381"]
[Annotator "TA"]
[PlyCount "149"]
[EventDate "2018.07.04"]
[EventType "swiss"]
[EventCountry "ESP"]
[SourceTitle "playchess.com"]
[Source "ChessBase"]
[SourceQuality "1"]

{[%evp 10,149,23,11,28,0,0,0,0,0,46,-32,-35,-35,-27,-45,6,-40,-33,-62,-43,-69,-44,-61,-66,-61,-52,-53,-59,-54,-33,-35,-35,-46,-46,-47,-38,-52,-36,-67,-3,-18,-14,-34,-34,-39,-38,-46,-26,-26,-26,-26,-26,-19,0,-26,-24,-24,-24,-71,-71,-143,-143,-144,-153,-127,-128,-143,-71,-77,-25,-25,-25,-25,-25,-25,-25,-25,-10,-14,-14,-14,-14,-14,-14,-97,-86,-86,-16,-16,-16,-16,-16,-17,-6,-6,0,-31,0,-12,0,0,0,0,0,0,0,0,0,0,39,47,47,47,47,47,57,97,105,108,756,658,29958,29944,29955,29952,6540,5796,2650,2311,29978,29979,29979,29978,29979,29981,29981,29982,29982,29983,29983,29984]} 1. e4 c5 2. Nc3 a6 3. g3 Nc6 4. Bg2 g6 5. d3 Bg7 6. f4 {LiveBook: 8 Games. B24: Closed Sicilian: 3 g3 sidelines} (6. Be3 d6 7. Qd2 Nd4 8. Nd1 e5 9. c3 Nc6 10. f4 Nge7 11. Nf3 O-O 12. fxe5 Nxe5 13. Nxe5 Bxe5 14. d4 cxd4 15. cxd4 {1-0 (42) Hamdouchi,H (2592)-Maze,S (2571) Nice 2011}) 6... e6 7. e5 d5 8. exd6 {The position is equal.} Qxd6 9. Be3 b6 10. Nf3 (10. d4 $1 $14 cxd4 11. Nf3) 10... Bb7 $146 ({Predecessor:} 10... Nge7 11. O-O O-O 12. Ne4 Qc7 13. c3 Bb7 {0-1 (46) Yu,W (1860)-Fevre,M (1951) Calvi 2005}) 11. Qd2 Rd8 12. O-O Qc7 (12... Nh6 $15) 13. Rae1 (13. f5 $5 gxf5 14. Bf4 $15) 13... Nge7 14. Qf2 Nd4 15. Ng5 h6 (15... O-O {with more complications.} 16. Bxb7 Qxb7 17. Nf3 Nxf3+ 18. Qxf3 Qd7) 16. Bxb7 Qxb7 17. Nf3 $1 Nxf3+ 18. Qxf3 Qxf3 19. Rxf3 Nd5 20. Nxd5 Rxd5 21. Bc1 Kd7 22. Kf1 Kc6 23. Ke2 Rhd8 24. c3 Rh5 ({Better is} 24... b5 $15) 25. h4 Rhd5 26. Kd2 h5 27. Kc2 R8d7 28. Re4 a5 29. Bd2 Bf6 30. a3 Bg7 31. Be1 Bf6 32. Rc4 b5 33. Re4 a4 $36 {[%mdl 2048] White is under pressure.} 34. Bf2 Bg7 35. c4 ({White should try} 35. Re1) 35... bxc4 $17 36. Rxc4 Rb7 37. Rxa4 Rxb2+ 38. Kc1 Rd7 (38... Rb3 $142 39. Kd2 Rb2+ 40. Kc1 Rb3) 39. Rc4 Rdb7 (39... Rb5 $1 $17 40. a4 Ra5) 40. Rxc5+ $11 Kd6 41. Rc2 Rxc2+ 42. Kxc2 {[%mdl 4096] Endgame KRB-KRB} Rb2+ 43. Kd1 Rb3 44. Be1 Kd5 45. a4 Rb1+ 46. Ke2 Rb2+ 47. Kf1 (47. Kd1 $11 {remains equal.}) 47... Bd4 $1 $17 {[%mdl 1024] Black has strong compensation.} 48. a5 Ra2 (48... Kc5 $17 49. Bf2 Ra2) 49. Bb4 $11 Kc6 50. Ke1 Kb5 51. Bd2 Ra1+ 52. Ke2 Ra2 {Strongly threatening ...Bc3.} 53. Kd1 Ra1+ 54. Ke2 f5 (54... Rh1 {keeps more tension.} 55. Be3 Bc3 56. Bb6 Re1+ 57. Kf2 Ra1) 55. Rf1 Rxf1 56. Kxf1 {KB-KB} Bf6 57. Ke2 Bd4 58. Be3 Bb2 59. Bb6 Bc1 60. d4 Ba3 $1 61. Bc5 Bb2 $1 62. Kd3 {Hoping for Bb4!} Kxa5 63. Kc4 $1 {Threatens to win with d5.} Ka6 {[#]} 64. d5 $1 {[%cal Rd5e6]} e5 $2 {[%mdl 8192]} (64... Kb7 $16) 65. d6 $18 {Intending d7 and mate.} exf4 66. gxf4 Bf6 67. Bf2 Bd8 68. Kd5 Kb5 69. d7 Bc7 70. Bd4 {White mates.} Bd8 {[#]} 71. Ke6 $1 Kc4 72. Bf6 Bc7 73. d8=Q Bxd8 74. Bxd8 Kd4 75. Bg5 {Precision: White = 64%, Black = 38%.} 1-0

[Event "XLI Barbera del Valles Open 2018"]
[Site "Barbera del Valles"]
[Date "2018.07.05"]
[Round "2"]
[White "Vasquez Schroeder, Rodrigo"]
[Black "Neelash Saha"]
[Result "0-1"]
[WhiteElo "2494"]
[BlackElo "2319"]
[Annotator "TA"]
[PlyCount "103"]
[EventDate "2018.07.04"]
[EventType "swiss"]
[EventCountry "ESP"]
[SourceTitle "playchess.com"]
[Source "ChessBase"]
[SourceQuality "1"]

{[%evp 12,103,10,7,25,22,45,47,56,53,70,70,87,40,45,36,43,43,43,20,27,5,30,26,31,0,0,0,18,0,0,0,0,-159,-166,-157,-164,-150,-160,-149,-139,-139,-133,-171,-171,-171,-171,-163,-96,-103,-103,-89,-94,-154,-141,-141,-125,-196,-196,-196,-170,-196,-196,-196,-196,-191,-129,-134,-128,-196,-193,-192,-191,-210,-203,-196,-196,-196,-196,-281,-214,-454,-370,-677,-669,-662,-627,-472,-441,-662,-624,-544,-389,-4626]} 1. Nf3 Nf6 2. c4 e6 3. Nc3 d5 4. d4 Bb4 5. Qa4+ Nc6 6. e3 O-O 7. Qc2 {LiveBook: 157 Games. D38: Queen's Gambit Declined: Ragozin Defence (4 Nf3 Bb4)} (7. Bd2 dxc4 8. Bxc4 Bd6 9. e4 e5 10. dxe5 Nxe5 11. Nxe5 Bxe5 12. O-O-O Qe8 13. Qxe8 Rxe8 14. f3 Be6 15. Bxe6 Rxe6 {½-½ (67) Navara,D (2727)-Harikrishna,P (2732) Prague 2018}) 7... Qe7 8. Bd2 a6 9. a3 {White is slightly better.} Bxc3 10. Bxc3 Ne4 $146 ({Predecessor:} 10... h6 11. Rg1 Ne4 12. g4 f5 13. gxf5 Rxf5 14. Bd3 Rxf3 15. Bxe4 dxe4 16. d5 Qh4 17. Rxg7+ Kf8 18. dxc6 Rxe3+ 19. Kf1 Qxh2 20. Rd1 e5 {½-½ (20) Caprio,G (2424)-Neuschmied,S (2215) Porto Mannu 2014}) 11. Bd3 Nxc3 12. bxc3 ({And not} 12. Bxh7+ Kh8 $17) (12. Qxc3 {feels hotter.} g5 13. h3 f5 14. Rc1 h6 15. Qb3) 12... g6 13. O-O dxc4 14. Bxc4 Na5 15. Bd3 c5 16. Rfb1 Qc7 17. Qb2 Bd7 18. Ne5 Ba4 19. Qb6 Rfc8 20. Be4 {[%cal Re4b7]} cxd4 21. cxd4 {[%cal Re4b7]} Nb3 $36 {[%mdl 2048] Black is pushing.} 22. Qxb7 $2 ({White should try} 22. Qb4 $11) 22... Ra7 $1 $17 {[%cal Ra7b7]} 23. Qb4 Nxa1 24. Qxa4 {Nc6 is the strong threat.} Qc1+ $1 25. Qd1 Qxd1+ 26. Rxd1 Rac7 27. Nd3 Nb3 28. g4 Nc1 29. Kg2 f5 (29... Nxd3 $19 30. Bxd3 Rb8 31. Bxa6 Ra7) 30. Nc5 fxe4 31. Rxc1 {[%mdl 4096] Endgame [#] KRR-KRN} e5 $1 {[%mdl 512]} 32. Rb1 (32. Kf1 $142) (32. dxe5 Rxc5) 32... exd4 33. exd4 Re7 $1 34. Rb6 (34. Kg3 $17) 34... e3 $1 $19 35. fxe3 Rxe3 36. Rxa6 Rb8 $1 {[%cal Rb8b2]} 37. Rf6 Rxa3 38. Rf2 {[#]} Re3 (38... Rf8 $1 $19 39. Ne6 Rxf2+ 40. Kxf2 h6) 39. d5 $17 Rc8 40. Ne6 {[#]} (40. Nd7 $17) 40... Rd3 $1 $19 41. Nf4 Rd4 42. g5 Rf8 43. Kg3 Rf5 44. h4 Kf7 45. Kg4 (45. Rf3 {might work better.}) 45... Rfxd5 46. h5 $2 (46. Kg3 Rf5 47. Rf3) 46... Rf5 47. hxg6+ $2 (47. Rf1) 47... hxg6 48. Rf3 Ra4 49. Rf2 Raa5 50. Rd2 (50. Kh4 $142) 50... Rxg5+ 51. Kh4 Rge5 52. Kg4 $2 {Precision: White = 48%, Black = 76%.} (52. Nd3 Ra4+ 53. Kh3) 0-1

[Event "XLI Barbera del Valles Open 2018"]
[Site "Barbera del Valles"]
[Date "2018.07.05"]
[Round "2"]
[White "Alsina Leal, Daniel"]
[Black "Cruz, Filemon"]
[Result "1-0"]
[WhiteElo "2492"]
[BlackElo "2314"]
[Annotator "ChessBase"]
[PlyCount "87"]
[EventDate "2018.07.04"]
[EventType "swiss"]
[EventCountry "ESP"]
[SourceTitle "playchess.com"]
[Source "ChessBase"]
[SourceQuality "1"]
[TimeControl "5400+30"]

1. e4 c5 2. Nf3 d6 3. d4 cxd4 4. Nxd4 Nf6 5. Nc3 a6 6. Be3 e5 7. Nb3 Be7 8. f3 Be6 9. Qd2 Nbd7 10. g4 h6 11. O-O-O Qc7 12. h4 Nb6 13. Qf2 Nfd7 14. Kb1 h5 15. Nd5 Bxd5 16. exd5 Nc4 17. Bc1 Rc8 18. Bd3 g6 19. Qe2 Kf8 20. Rdf1 Ndb6 21. f4 Nxd5 22. fxe5 dxe5 23. gxh5 Na3+ 24. Ka1 Nxc2+ 25. Bxc2 Qxc2 26. Qxe5 Rxh5 27. Bg5 Bxg5 28. hxg5 Rxh1 29. Rxh1 Ne7 30. Re1 Qc7 31. Qh8+ Ng8 32. Qh4 Qc4 33. Qg3 Qd5 34. a3 a5 35. Nc1 Qd2 36. Nd3 a4 37. Qd6+ Kg7 38. Qd7 Rf8 39. Qd4+ f6 40. Rg1 Qh2 41. Nf4 Rf7 42. gxf6+ Kh7 43. Rxg6 Qc2 44. Qg1 1-0

[Event "XLI Barbera del Valles Open 2018"]
[Site "Barbera del Valles"]
[Date "2018.07.05"]
[Round "2"]
[White "Diaz Camallonga, Carles"]
[Black "Saurabh Anand"]
[Result "1/2-1/2"]
[WhiteElo "2463"]
[BlackElo "2258"]
[Annotator "TA"]
[PlyCount "91"]
[EventDate "2018.07.04"]
[EventType "swiss"]
[EventCountry "ESP"]
[SourceTitle "playchess.com"]
[Source "ChessBase"]
[SourceQuality "1"]

{[%evp 17,91,5,-2,-19,39,39,27,18,35,35,43,41,36,33,41,35,40,28,54,52,42,39,43,42,60,35,102,99,109,107,103,106,106,106,104,54,50,52,73,17,46,0,0,0,0,0,0,0,0,0,0,0,0,0,29,32,31,35,66,4,11,0,108,0,0,0,0,0,0,0,0,0,0,0,0,0]} 1. e4 e5 2. Nf3 Nc6 3. Bb5 a6 4. Ba4 Nf6 5. d3 d6 6. c4 g6 7. Nc3 Bg7 8. d4 {C77: Ruy Lopez: 3...a6 4 Ba4 Nf6, unusual lines} (8. Nd5 Nd7 9. Bg5 f6 10. Be3 O-O 11. O-O Kh8 12. Re1 Rf7 13. h3 Nc5 14. Bxc5 dxc5 15. Bxc6 bxc6 {1-0 (74) Filippov,A (2582)-Buhmann,R (2640) Baku 2016}) 8... exd4 9. Nxd4 Bd7 {LiveBook: 10 Games. ...Nxd4 is the strong threat.} 10. Bxc6 Bxc6 $146 (10... bxc6 $11 11. O-O O-O) ({Predecessor:} 10... bxc6 11. O-O O-O 12. f3 Qb8 13. b3 Re8 14. Kh1 a5 15. Rb1 Qb4 {½-½ (42) Zajic,M (2513)-Franklin,S (2312) Paracin 2017}) 11. O-O O-O 12. f3 Nd7 13. Be3 a5 14. Qd2 Re8 15. Rac1 Nf8 16. Nd5 Ne6 17. Nxe6 Rxe6 18. Bd4 Bxd4+ 19. Qxd4 Bxd5 20. cxd5 Re7 21. Rc4 b6 (21... f5 $14) 22. Qf6 $16 Qe8 23. Rfc1 Ra7 24. g4 Rd7 25. g5 Qe7 26. f4 Qe8 27. Kf2 b5 28. Rd4 (28. R4c3 $16) 28... Re7 $11 29. f5 (29. e5 $5) 29... Re5 30. h4 {[%cal Bh2h4,Bh4h5][%mdl 32]} gxf5 31. h5 $1 Qe7 32. Qxe7 Rxe7 {[%mdl 4096] Endgame KRR-KRR} 33. Kf3 Re5 34. Kf4 f6 35. exf5 fxg5+ 36. Kxg5 Kf7 37. Rc2 Re7 38. Rd1 (38. Rg4 $14) 38... Ra8 39. Rdc1 Rg8+ {[#]} (39... Rc8 $11) 40. Kf4 (40. Kh6 $1 $16) 40... Kf6 {The position is equal.} 41. Rxc7 Re5 42. Rxh7 Rxf5+ 43. Ke4 {Hoping for Rh6+.} Rg4+ 44. Ke3 Rg3+ 45. Ke4 {[#] aiming for Rh6+.} Rg4+ (45... Rgf3 $5 46. Rh6+ $8 Ke7 47. Rh7+ Kd8 48. Rh8+ Kd7 49. Rh7+ Kd8 50. Rh8+ Kd7 51. Rh7+ Kd8 $11) 46. Ke3 {Precision: White = 61%, Black = 62%.} 1/2-1/2

[Event "XLI Barbera del Valles Open 2018"]
[Site "Barbera del Valles"]
[Date "2018.07.05"]
[Round "2"]
[White "Valenzuela Gomez, Fernando"]
[Black "Ortiz Suarez, Isan Reynaldo"]
[Result "0-1"]
[WhiteElo "2389"]
[BlackElo "2548"]
[Annotator "ChessBase"]
[PlyCount "96"]
[EventDate "2018.07.04"]
[EventType "swiss"]
[EventCountry "ESP"]
[SourceTitle "playchess.com"]
[Source "ChessBase"]
[SourceQuality "1"]
[TimeControl "5400+30"]

1. e4 {[%emt 0:08:21]} c5 {[%emt 0:08:17]} 2. Nf3 {[%emt 0:00:33]} d6 {[%emt 0:00:10]} 3. d4 {[%emt 0:00:12]} cxd4 {[%emt 0:00:06]} 4. Nxd4 {[%emt 0:00:04]} Nf6 {[%emt 0:00:06]} 5. Nc3 {[%emt 0:00:05]} a6 {[%emt 0:00:04]} 6. Bg5 {[%emt 0:00:20]} Nbd7 {[%emt 0:02:48]} 7. Qe2 {[%emt 0:01:29]} h6 {[%emt 0:00:38]} 8. Bh4 {[%emt 0:00:29]} b5 {[%emt 0:02:00]} 9. f4 {[%emt 0:03:41]} g5 {[%emt 0:00:15]} 10. fxg5 {[%emt 0:03:40]} hxg5 {[%emt 0:00:06]} 11. Bxg5 {[%emt 0:00:25]} Bb7 {[%emt 0:00:32]} 12. O-O-O {[%emt 0:05:40]} e6 {[%emt 0:02:10]} 13. g3 {[%emt 0:10:08]} Rg8 {[%emt 0:11:25]} 14. h4 {[%emt 0:04:59]} b4 {[%emt 0:02:06]} 15. Nd5 {[%emt 0:05:48]} exd5 {[%emt 0:00:45]} 16. Nc6 {[%emt 0:02:35]} Bxc6 {[%emt 0:02:42]} 17. exd5+ {[%emt 0:00:17]} Ne5 {[%emt 0:01:37]} 18. dxc6 {[%emt 0:01:06]} Be7 {[%emt 0:01:37]} 19. Bh3 {[%emt 0:07:28]} Qa5 {[%emt 0:11:41]} 20. Rhf1 {[%emt 0:15:54]} Qxa2 {[%emt 0:18:39]} 21. Bxf6 {[%emt 0:03:33]} Bxf6 {[%emt 0:00:18]} 22. Rxf6 {[%emt 0:02:30]} Qa1+ {[%emt 0:00:13]} 23. Kd2 {[%emt 0:00:02]} Qxb2 {[%emt 0:00:06]} 24. Rf3 {[%emt 0:05:57]} Qd4+ {[%emt 0:11:31]} 25. Kc1 {[%emt 0:00:51]} Qa1+ {[%emt 0:01:21]} 26. Kd2 {[%emt 0:00:05]} Qa5 {[%emt 0:00:22]} 27. Rb3 {[%emt 0:02:34]} Qc5 {[%emt 0:10:52]} 28. Qe4 {[%emt 0:01:23]} Qxc6 {[%emt 0:02:58]} 29. Qxc6+ {[%emt 0:02:40]} Nxc6 {[%emt 0:00:04]} 30. Bg2 {[%emt 0:01:01]} Rc8 {[%emt 0:00:05]} 31. Ra1 {[%emt 0:03:13]} Nd4 {[%emt 0:01:43]} 32. Re3+ {[%emt 0:00:03]} Kf8 {[%emt 0:00:08]} 33. Be4 {[%emt 0:00:51]} d5 {[%emt 0:00:52]} 34. Bd3 {[%emt 0:00:51]} b3 {[%emt 0:02:40]} 35. c3 {[%emt 0:01:05]} b2 {[%emt 0:00:49]} 36. Rb1 {[%emt 0:01:33]} Nb3+ {[%emt 0:00:24]} 37. Ke2 {[%emt 0:02:04]} Rxc3 {[%emt 0:00:20]} 38. Rxb2 {[%emt 0:03:44]} a5 {[%emt 0:01:28]} 39. Kf2 {[%emt 0:01:29]} a4 {[%emt 0:02:38]} 40. Rc2 {[%emt 0:00:28]} Rc5 {[%emt 0:02:06]} 41. Ra2 {[%emt 0:00:32]} Rg4 {[%emt 0:00:29]} 42. Bc2 {[%emt 0:00:22]} Rb4 {[%emt 0:00:48]} 43. Bxb3 {[%emt 0:00:31]} axb3 {[%emt 0:00:29]} 44. Rb2 {[%emt 0:00:13]} Rc2+ {[%emt 0:00:35]} 45. Re2 {[%emt 0:00:10]} Rc3 {[%emt 0:00:33]} 46. Rb1 {[%emt 0:00:34]} Kg7 {[%emt 0:00:39]} 47. Rbb2 {[%emt 0:00:53]} Kg6 {[%emt 0:00:28]} 48. Re7 {[%emt 0:00:28]} Re4 {[%emt 0:00:30]} 0-1

[Event "XLI Barbera del Valles Open 2018"]
[Site "Barbera del Valles"]
[Date "2018.07.05"]
[Round "2"]
[White "Gonzales, Jayson"]
[Black "Martinez Alcantara, Jose Eduardo"]
[Result "0-1"]
[WhiteElo "2367"]
[BlackElo "2545"]
[Annotator "ChessBase"]
[PlyCount "62"]
[EventDate "2018.07.04"]
[EventType "swiss"]
[EventCountry "ESP"]
[SourceTitle "playchess.com"]
[Source "ChessBase"]
[SourceQuality "1"]
[TimeControl "5400+30"]

1. d4 {[%emt 0:00:00]} Nf6 {[%emt 0:00:00]} 2. Bg5 {[%emt 0:00:33]} Ne4 {[%emt 0:00:00]} 3. Bf4 {[%emt 0:00:15]} d5 {[%emt 0:00:00]} 4. f3 {[%emt 0:00:46]} Nf6 {[%emt 0:00:03]} 5. Nc3 {[%emt 0:00:29]} c5 {[%emt 0:02:18]} 6. e3 {[%emt 0:09:29]} a6 {[%emt 0:02:19]} 7. Nge2 {[%emt 0:04:15]} e6 {[%emt 0:03:45]} 8. g4 {[%emt 0:01:40]} Nc6 {[%emt 0:01:06]} 9. Bg2 {[%emt 0:00:44]} Be7 {[%emt 0:03:27]} 10. Qd2 {[%emt 0:00:38]} b5 {[%emt 0:00:47]} 11. a4 {[%emt 0:07:14]} b4 {[%emt 0:01:30]} 12. Nd1 {[%emt 0:00:10]} a5 {[%emt 0:01:30]} 13. Nf2 {[%emt 0:04:13]} Ba6 {[%emt 0:02:22]} 14. Nd3 {[%emt 0:07:14]} cxd4 {[%emt 0:01:36]} 15. exd4 {[%emt 0:00:36]} Qb6 {[%emt 0:00:10]} 16. Be3 {[%emt 0:01:49]} O-O {[%emt 0:02:05]} 17. O-O {[%emt 0:02:38]} Rac8 {[%emt 0:03:15]} 18. Kh1 {[%emt 0:05:30]} Nd7 {[%emt 0:02:07]} 19. Rad1 {[%emt 0:06:15]} Qc7 {[%emt 0:05:03]} 20. f4 {[%emt 0:05:12]} Nf6 {[%emt 0:01:24]} 21. Nf2 {[%emt 0:00:40]} Nb8 {[%emt 0:02:02]} 22. Rc1 {[%emt 0:00:14]} Nbd7 {[%emt 0:01:19]} 23. Rfe1 {[%emt 0:00:43]} Ne8 {[%emt 0:01:55]} 24. b3 {[%emt 0:01:51]} Nd6 {[%emt 0:00:19]} 25. f5 {[%emt 0:04:02]} exf5 {[%emt 0:01:06]} 26. Nf4 {[%emt 0:00:20]} Nb6 {[%emt 0:03:25]} 27. gxf5 {[%emt 0:01:28]} Nxf5 {[%emt 0:00:24]} 28. Bh3 {[%emt 0:00:19]} Nxe3 {[%emt 0:01:46]} 29. Bxc8 {[%emt 0:02:09]} Qxf4 {[%emt 0:00:45]} 30. Rxe3 {[%emt 0:01:36]} Nxc8 {[%emt 0:00:17]} 31. Rce1 {[%emt 0:00:50]} Bh4 {[%emt 0:01:01]} 0-1